Sectorizacion por niveles de riesgo para la carretera Braulio Carrillo (tramo Tunel Zurqui-Rio Sucio) debido a la actividad hidrologica
محفوظ في:
| المؤلف الرئيسي: | |
|---|---|
| التنسيق: | أطروحة كتاب |
| اللغة: | Undetermined |
| منشور في: |
1999
|
| الموضوعات: | |
| الوسوم: |
إضافة وسم
لا توجد وسوم, كن أول من يضع وسما على هذه التسجيلة!
|
MARC
| LEADER | 00000nam a2200000Ia 4500 | ||
|---|---|---|---|
| 001 | 10098 | ||
| 008 | 140114s9999 xx 000 0 und d | ||
| 100 | |a Corrales Urena, Freed Dario | ||
| 245 | |a Sectorizacion por niveles de riesgo para la carretera Braulio Carrillo (tramo Tunel Zurqui-Rio Sucio) debido a la actividad hidrologica | ||
| 260 | |c 1999 | ||
| 500 | |a NULL | ||
| 502 | |a Escuela de ingenieria Civil | ||
| 650 | |z CARRETERA BRAULIO CARRILLO | ||
| 999 | |c 12504 |d 12504 | ||
